000 00442pab a2200181 454500
008 180718b2013 xxu||||| |||| 00| 0 eng d
100 _aSharma, Arvind
245 _aResearch in special education: Issues and concerns
260 _c2013
300 _ap.183-184,
362 _a29 Apr
650 _aResearch
650 _aSpecial education
700 _aVenkateshwarlu, D.
773 _aUniversity News
908 _aN
909 _a98977
999 _c98976
_d98976